[Event "Wch U14"]
[Site "Florianopolis"]
[Date "2024.10.30"]
[Round "2"]
[White "Saa Manriquez, Gaspar Facundo"]
[Black "Spagnollo, Pedro Henrique"]
[Result "0-1"]
[WhiteElo "1539"]
[BlackElo "1750"]
[PlyCount "70"]
[EventDate "2024.10.29"]
[EventType "swiss"]
[EventRounds "11"]
[EventCountry "BRA"]
[SourceTitle "CB45_2024"]
[Source "ChessBase"]
[SourceDate "2024.11.06"]
[SourceVersion "1"]
[SourceVersionDate "2024.11.06"]
[SourceQuality "1"]

1. e4 c5 2. Nc3 d6 3. Nge2 Nf6 4. d4 cxd4 5. Nxd4 a6 6. g3 e5 7. Nf3 Be6 8. Bg5 Nbd7 9. Bg2 Be7 10. 0-0 h6 11. Bd2 0-0 12. Be3 b5 13. b4 Rc8 14. Qd2 Qc7 15. Nd5 Bxd5 16. exd5 Qxc2 17. Qxc2 Rxc2 18. Rfd1 Ng4 19. Ne1 Rc4 20. a3 Nxe3 21. fxe3 f5 22. Nd3 Bg5 23. Re1 Rc3 24. Bf1 Nb6 25. h4 Be7 26. Nf2 Nxd5 27. Nd1 Rc7 28. Bg2 e4 29. Bh3 g6 30. Rf1 h5 31. Rf2 Rfc8 32. Kf1 Rc1 33. Rxc1 Rxc1 34. Ke2 Nc3+ 35. Nxc3 Rxc3 0-1

[Event "Wch U14"]
[Site "Florianopolis"]
[Date "2024.10.29"]
[Round "1"]
[White "Calcada, Lucas Galvan"]
[Black "Saa Manriquez, Gaspar Facundo"]
[Result "1-0"]
[WhiteElo "1961"]
[BlackElo "1539"]
[PlyCount "41"]
[EventDate "2024.10.29"]
[EventType "swiss"]
[EventRounds "11"]
[EventCountry "BRA"]
[SourceTitle "CB45_2024"]
[Source "ChessBase"]
[SourceDate "2024.11.06"]
[SourceVersion "1"]
[SourceVersionDate "2024.11.06"]
[SourceQuality "1"]

1. e4 c5 2. Nf3 Nc6 3. d4 cxd4 4. Nxd4 e5 5. Nb5 a6 6. Nd6+ Bxd6 7. Qxd6 Qe7 8. Qd2 Nf6 9. Nc3 Nd4 10. Bd3 0-0 11. b3 b5 12. Bb2 Bb7 13. 0-0-0 a5 14. f3 b4 15. Nb5 Nxb5 16. Bxb5 d6 17. Qxd6 Qxd6 18. Rxd6 Rac8 19. Bxe5 Ne8 20. Rb6 Rc5 21. Bd4 1-0